000 00407 a2200109 4500
001 ART_41775
005 20260410161814.0
008 260409a
245 1 0 _aLos albores del derecho internacional en la Universidad de Buenos Aires: la enseñanza de la materia según Antonio Sáenz
100 1 _aPadín, Juan Francisco
773 0 _tAcademia
_g- Año 14, Nº 27 (ene./jun. 2016)
_wREV4314
999 _c21694
_d21694